Types of Baking - Statistics

General Stats
  • This quiz has been taken 344 times
  • The average score is 4 of 6
Answer Stats
Description Answer % Correct
A flat, chocolate baked good originated in the USA. They can be fudgy or cakey. Brownie
89%
Similar to a cupcake but usually with no icing. They come in savoury and sweet flavours Muffin
87%
A small cake designed to feed one person Cupcake
86%
A sweet baked dessert designed to feed many. These are very popular Cake
82%
Small, hard and come in a variety of flavours. They are often store-bought Cookie
68%
An Australian-originated dessert, flat and square. Come in a variety of flavours and are sometimes no-bake Slice
9%
No matching quizzes found
Score Distribution
Percent of People with Each Score
Percentile by Number Answered
Your Score History
You have not taken this quiz